000 00346nam a2200145Ia 4500
008 230711s9999||||xx |||||||||||||| ||und||
041 _aENG
082 _a5
_bMI-D
100 _aMiller MA
245 0 _aData network communication
250 _a1st Ed.
260 _c2003
_aNew Delhi
_bThomson Brook
650 _aComputer Engineering
942 _cBK
999 _c4116
_d4116